| 000 | 00564nam a2200205 i 4500 | ||
|---|---|---|---|
| 001 | 146984 | ||
| 003 | ES-MaACL | ||
| 005 | 20250901080023.0 | ||
| 007 | t| | ||
| 008 | 070920s1960 sp ||||1| spa d | ||
| 080 | _a621.396.62.004.67 | ||
| 100 | 1 |
_aDarkness, R. J. _942731 |
|
| 245 | 1 | 0 |
_a3407 averías en radio receptores / _cR.J. Darkness (seud.). |
| 250 | _a1ª ed. | ||
| 260 |
_aBarcelona : _bBruguera, _c1960. |
||
| 300 |
_a206 p. : _bil. ; _c19 cm. |
||
| 650 | 4 |
_aRadios _916664 |
|
| 852 |
_aES-MaACL _jC-19116 _bR.46670 |
||
| 999 |
_c146984 _d146984 |
||